市名クロスワード ① - Statistics

General Stats
  • This quiz has been taken 2,386 times
  • The average score is 10 of 13
Answers on the Map
Answers color-coded by a green-red scale on the quiz's map according to % correct below.
 
Answer Stats
マス カギ Answer % Correct
タテ9 眼鏡フレームの生産が有名 鯖江市
94%
ヨコ10 学術都市として有名 つくば市
89%
タテ1 県庁所在地 福島市
86%
ヨコ5 ヨーロッパが舞台のテーマパークがある 志摩市
85%
タテ6 市街地が「東○○」「西○○」に分かれている 舞鶴市
74%
ヨコ4 市名と同じ名前の半島がある 知多市
73%
ヨコ8 新幹線が停車する 米原市
73%
ヨコ1 市名と同じ名前のJR路線がある 福知山市
72%
タテ3 プロサッカークラブがある 町田市
72%
ヨコ7 素粒子の観測施設がある 飛騨市
72%
タテ7 人口20万人以上の都市としては唯一、鉄道駅が一つしかない 平塚市
70%
タテ2 日本一標高の高い市役所がある 茅野市
68%
ヨコ11 クラゲの展示が有名な水族館がある 鶴岡市
62%
No matching quizzes found
Score Distribution
Percent of People with Each Score
Percentile by Number Answered
Your Score History
You have not taken this quiz